Spieler gesucht!-anhand von Hinweisen #1 - Statistiken

Allgemein
  • Dieses Quiz wurde 74 mal gespielt
  • Das Durchschnittsergebnis liegt bei 12 aus 16
Antwortstatistiken
Nation Verein Position Spieler % Korrekt
Ägypten Liverpool Flügel Mohammed Salah
99%
Frankreich Real Madrid Sturm Kylian Mbappé
96%
Argentinien Inter Miami Flügel Lionel Messi
90%
Deutschland LA Galaxy Mittelfeld Marco Reus
89%
Belgien Manchester City Mittelfeld Kevin de Bruyne
87%
Frankreich AC Milan Außenverteidigung Theo Hernandez
86%
Deutschland AS Rom Verteidigung Mats Hummels
83%
Deutschland West Ham United Sturm Niclas Füllkrug
81%
Belgien SSC Neapel Sturm Romelu Lukaku
81%
Gabun Olympique Marseille Sturm Pierre-Emerick Aubameyang
69%
Frankreich Bayern München Flügel Michael Olise
67%
Frankreich PSG Flügel Barcola
50%
Frankreich Eintracht Frankfurt Sturm Hugo Ekitiké
47%
Argentinien Manchester United Verteidigung Lisandro Martinez
47%
Australien St. Pauli Mittelfeld Jackson Irvine
46%
Russland AS Monaco Mittelfeld Alexandr Golovin
43%
Keine übereinstimmenden Quizze gefunden
Verteilung der Resultate
Anzahl Personen mit jedem Resultat
Perzentil nach korrekt beantworteten Fragen
Ihre Resultats-Entwicklung
Sie haben dieses Quiz noch nicht gespielt